00452nam a2200133Ia 4500008004100000100001200041245011100053245002700164260005900191260000900250650001800259650001500277856002600292170221s9999 xx 000 0 und d aYing Li aExploring the Extrinsic and Intrinsic Motivations in Blogging: A Survey on Hong Kong University Students  cYing Li, Gongcheng Lin bOnline Journal of Communication and Media Technologies c2015 xCommunication xMedia Arts uhttp://www.ojcmt.net/